000
00339nam a2200145Ia 4500
008
150201s2009 xx 000 0 und d
082
_a
610.73678
_b
M09F
100
_a
FRASER, DIANE M.
245
_a
MYLES TB. FOR MIDWIVES
250
_a
15TH
260
_b
ELSEVIER
_a
INDIA
_c
2009
300
_a
1122
650
_a
MIDWIVES
942
_2
ddc
_c
BK
999
_c
2195
_d
2195